000 00293nam a22001337a 4500
008 181015b xxu||||| |||| 00| 0 eng d
020 _a9780134570297
041 _aeng
080 _a910
100 _a42
101 _aGJEO
245 _aResources of the Earth
_cDavid, J,R
942 _2udc
_cBK
999 _c49757
_d49757